| 000 | 00843cam a2200253 a 4500 | ||
|---|---|---|---|
| 001 | 000004599 | ||
| 005 | 20200929151452.0 | ||
| 008 | 790208s1976 sp 000 d spa | ||
| 020 | _a8401441617 | ||
| 040 |
_aDO-SdBNP _bspa _cBNPHU |
||
| 082 |
_a842.8 _bB517d |
||
| 100 | 1 |
_aBernanos, Georges, _d1888-1948. _99890 |
|
| 240 | 1 | 0 |
_aDialogues des carmelites. _lEspañol |
| 245 | 1 | 0 |
_aDiálogos de carmelitas / _cGeorges Bernanos; traductor, Ana M. de la Fuente. |
| 260 |
_aBarcelona : _bPlaza & Janes, _c1976. |
||
| 300 |
_a157 p. ; _c19 cm. |
||
| 490 | 1 | _aRotativa | |
| 534 |
_aTítulo original: _tDialogues des carmelites. |
||
| 650 | 4 |
_aTeatro francés _xHistoria _ySIGLO XX _913411 |
|
| 650 | 4 |
_aLiteratura francesa _91074 |
|
| 610 | 2 | 0 |
_aCARMELITAS _vDRAMAS _913412 |
| 700 | 1 |
_aFuente, Ana M. de la, _etr. _913413 |
|
| 830 | 0 |
_aRotativa _912897 |
|
| 999 |
_c4407 _d4407 |
||